| 000 | 00564cam a22001457a 4500 | ||
|---|---|---|---|
| 999 |
_c508587 _d508587 |
||
| 008 | 180718b-- xxu||||| |||| 00| 0 eng d | ||
| 082 | _aB73065x5444 1992-93 | ||
| 100 |
_aKarnataka. Directorate of Economics and Statistics _93568 |
||
| 245 |
_aMunicipal statistics, Karnataka, 1992-93 _cby Directorate of Economics and Statistics, Karnataka |
||
| 260 |
_aBangalore _bDirectorate of Economics and Statistics _c1993 |
||
| 300 | _a95p. | ||
| 500 | _aLibrary has 1990/91-1999/2000 | ||
| 650 |
_aMunicipal government - Statistics - India - Karnataka _94005 |
||
| 942 | _2ddc | ||